El rostro de mi verso : (Registro nro. 15356)

Detalles MARC
000 -CABECERA
campo de control de longitud fija 02732nam a2200373 a 4500
001 - NÚMERO DE CONTROL
campo de control 000048491
003 - IDENTIFICADOR DEL NÚMERO DE CONTROL
campo de control DO-SdBPM
005 - FECHA Y HORA DE LA ÚLTIMA TRANSACCIÓN
campo de control 20250828121709.0
007 - CAMPO FIJO DE DESCRIPCIÓN FÍSICA--INFORMACIÓN GENERAL
campo de control de longitud fija ta
008 - DATOS DE LONGITUD FIJA--INFORMACIÓN GENERAL
campo de control de longitud fija 190325s2014 dr a 000 p spa d
020 ## - NÚMERO INTERNACIONAL ESTÁNDAR DEL LIBRO
Número Internacional Estándar del Libro 9789945484113
040 ## - FUENTE DE LA CATALOGACIÓN
Centro catalogador/agencia de origen DO-SdBPM
Lengua de catalogación spa
Centro/agencia transcriptor BPMSU
Centro/agencia modificador rda
082 #4 - NÚMERO DE LA CLASIFICACIÓN DECIMAL DEWEY
Número de clasificación RD861.5
Número de documento/Ítem M578r 2014
Número de edición 22
100 1# - ENTRADA PRINCIPAL--NOMBRE DE PERSONA
Nombre de persona Mesa, Darihel
Término indicativo de función/relación autor
245 13 - MENCIÓN DE TÍTULO
Título El rostro de mi verso :
Resto del título poesía /
Mención de responsabilidad, etc. Darithel Mesa ; ilustraciones de Domingo Guzmán ; instructores Ramón Mesa, Ysabel Florentino, Jesús Cordero.
264 ## - PRODUCCIÓN, PUBLICACIÓN, DISTRIBUCIÓN, FABRICACIÓN Y COPYRIGHT
Producción, publicación, distribución, fabricación y copyright San Cristóbal, República Dominicana :
Nombre del de productor, editor, distribuidor, fabricante Fundación Literaria Aníbal Montaño, FLAM,
Fecha de producción, publicación, distribución, fabricación o copyright 2014.
300 ## - DESCRIPCIÓN FÍSICA
Extensión 82 páginas :
Otras características físicas ilustraciones ;
Dimensiones 22 cm.
336 ## - TIPO DE CONTENIDO
Término de tipo de contenido texto
Código de tipo de contenido txt
Fuente rdacontent
337 ## - TIPO DE MEDIO
Nombre/término del tipo de medio sin mediación
Código del tipo de medio n
Fuente rdamedia
338 ## - TIPO DE SOPORTE
Nombre/término del tipo de soporte volumen
Código del tipo de soporte nc
Fuente rdacarrier
490 0# - MENCIÓN DE SERIE
Mención de serie Marca provincia
-- Nueva Literatura Infantil Dominicana.
500 ## - NOTA GENERAL
Nota general "El poeta más joven del mundo." "Promoción 101 niños poetas de San Cristóbal"
505 0# - NOTA DE CONTENIDO CON FORMATO
Nota de contenido con formato El rostro de mi verso --
Título No me gusta --
-- El perro y el gato --
-- El perro y la hoja --
-- Crismelylin y la lluvia --
-- La mariposa --
-- El frío y la luz --
-- Llueve mi trueno --
-- La pared y la ventana --
-- Dibujo la habitación --
-- El hombre --
-- El amigo de Jonh --
-- El río --
-- Una mujer --
-- Quiero dibujar una flor --
-- Voy a dibujar un pá jaro --
-- Poema de la isla --
-- Caperucita --
-- No sé, quiero devolver la luz --
-- La luz no quiere estar aquí --
-- No quiere estar aquí --
-- Sueño que arropa --
-- En el caracol 1 --
-- En el caracol 2 --
-- Sueño que despierta --
-- El río me lleva --
-- El río 3 --
-- Alex es un indígena --
-- Yo niego mi nombre --
-- Los ríos me caen atrás --
-- Aquel niño que está parado allí 1--
-- 2
-- 3
-- 4
-- 5
-- 6
-- 7
-- Yo no estoy para llorarle a la luz --
-- Cuando mi cuaderno no me llora 1 y 2 --
-- Tras del verso y una mujer --
-- El raostro de mi verso --
-- Apuntes para una lectura comprensiva de los Niños Poetas de San Cristóbol --
-- Pedagogía y proceso creativo --
-- Educacion desde el vientre --
-- Cuando surgen las palabras --
-- Algunos cuentos motivadores --
-- Ambiente y hogar --
-- Contexto social --
-- A manera de ejemplo (Salvado las distancias) --
-- La educación formal --
-- Sin misterios ni recetas (una actitud clave) --
-- El primer poema de Darihel --
-- El poeta más joven del mundo --
-- Otras actividades en las que ha participado --.
590 ## - NOTA LOCAL (RLIN)
Nota local Inventariado, 2025VM
650 #7 - PUNTO DE ACCESO ADICIONAL DE MATERIA--TÉRMINO DE MATERIA
Término de materia o nombre geográfico como elemento de entrada Poesía infantil dominicana
650 #7 - PUNTO DE ACCESO ADICIONAL DE MATERIA--TÉRMINO DE MATERIA
Término de materia o nombre geográfico como elemento de entrada Literatura infantil dominicana
Subdivisión de forma
700 1# - PUNTO DE ACCESO ADICIONAL--NOMBRE DE PERSONA
Nombre de persona Mesa, Darihel
700 1# - PUNTO DE ACCESO ADICIONAL--NOMBRE DE PERSONA
Nombre de persona Mesa, Ramón,
700 1# - PUNTO DE ACCESO ADICIONAL--NOMBRE DE PERSONA
Nombre de persona Florentino, Ysabel,
Fechas asociadas al nombre 1981-
700 1# - PUNTO DE ACCESO ADICIONAL--NOMBRE DE PERSONA
Nombre de persona Cordero, Jesús
700 1# - PUNTO DE ACCESO ADICIONAL--NOMBRE DE PERSONA
Nombre de persona Guzmán, Domingo,
Término indicativo de función/relación ilustración
910 ## - DATOS DE OPCIÓN DEL USUARIO (OCLC)
Datos de opción del usuario VMateo V. Control de calidad. BPMSU
942 ## - ELEMENTOS DE PUNTO DE ACCESO ADICIONAL (KOHA)
Fuente del sistema de clasificación o colocación Dewey Decimal Classification
Tipo de ítem Koha Libros
Existencias
Estado de retiro Estado de pérdida Fuente del sistema de clasificación o colocación No para préstamo Código de colección Localización permanente Ubicación/localización actual Fecha de adquisición Total de préstamos Signatura topográfica completa Código de barras Fecha visto por última vez Precio válido a partir de Tipo de ítem Koha Número de copia
    Dewey Decimal Classification   Colección Infantil Dominicana Biblioteca Pública Metropolitana Salomé Ureña Biblioteca Pública Metropolitana Salomé Ureña 08/28/2025   BPMSU CDI RD861.5 M578r 2014 BPMSU25080078 08/28/2025 08/28/2025 Libros  
    Dewey Decimal Classification   Colección Infantil Dominicana Biblioteca Pública Metropolitana Salomé Ureña Biblioteca Pública Metropolitana Salomé Ureña 08/28/2025   BPMSU CDI RD861.5 M578r 2014 BPMSU25080079 08/28/2025 08/28/2025 Libros e.2